000
00208nam a2200085Ia 4500
008
170620s9999 xx 000 0 und d
100
_a
Sharma- Janki
245
0
_a
Counselling and Parenting Skill
260
_b
Mumbai- Jaico
260
_c
2008
999
_c
25680
_d
25680